000 00550nam a2200181 i 4500
001 58539
003 ES-MaACL
005 20230906163830.0
007 t|
008 031022s1967 sp ||||1| cat d
100 1 _aStalin, Svetlana Alliluyeva.
_9107864
245 1 0 _aVint cartes a un amic /
_cSvetlana Dyugachvili, Svetlana Alliluieva ; traducció Miguel Camorera.
250 _a[1ª ed.].
260 _aBarcelona :
_bPortic,
_c1967.
300 _a325 p. ;
_c20 cm.
700 1 _aCamorera, Miguel.
_934098
852 _aES-MaACL
_jC-34440
_bR.64931
999 _c58539
_d58539